[Event "Cannes - Festival International des Jeux"]
[Date "2026.02.24"]
[White "Celik, Ali Alper"]
[Black "Nogerbek, Kazybek"]
[WhiteElo "2243"]
[BlackElo "2539"]
[Round "2.2.3"]
[Result "0-1"]

e4 {[%emt 00:03:02] [%clk 01:27:56]} Nc6 {[%emt 00:04:05] [%clk 01:26:55]} Nf3
{[%emt 00:00:09] [%clk 01:28:16]} d6 {[%emt 00:00:05] [%clk 01:27:22]} d4 {[%emt
00:00:11] [%clk 01:28:34]} Nf6 {[%emt 00:00:07] [%clk 01:27:44]} Nc3 {[%emt
00:00:16] [%clk 01:28:49]} g6 {[%emt 00:00:05] [%clk 01:28:09]} Be3 {[%emt
00:00:28] [%clk 01:28:51]} Bg7 {[%emt 00:00:09] [%clk 01:28:31]} Qd2 {[%emt
00:00:20] [%clk 01:29:01]} O-O {[%emt 00:00:07] [%clk 01:28:53]} d5 {[%emt
00:00:35] [%clk 01:28:55]} Nb8 {[%emt 00:00:24] [%clk 01:28:58]} Bh6 {[%emt
00:06:35] [%clk 01:22:51]} c6 {[%emt 00:01:45] [%clk 01:27:44]} h3 {[%emt
00:07:54] [%clk 01:15:27]} Qa5 {[%emt 00:02:42] [%clk 01:25:32]} Bxg7 {[%emt
00:02:07] [%clk 01:13:49]} Kxg7 {[%emt 00:01:45] [%clk 01:24:18]} g4 {[%emt
00:01:23] [%clk 01:12:56]} cxd5 {[%emt 00:11:30] [%clk 01:13:18]} exd5 {[%emt
00:00:12] [%clk 01:13:13]} e5 {[%emt 00:00:06] [%clk 01:13:42]} dxe6 {[%emt
00:14:41] [%clk 00:59:02]} Bxe6 {[%emt 00:01:23] [%clk 01:12:49]} Nd4 {[%emt
00:15:58] [%clk 00:43:34]} Nd5 {[%emt 00:14:54] [%clk 00:58:25]} Bg2 {[%emt
00:17:44] [%clk 00:26:20]} Nxc3 {[%emt 00:01:04] [%clk 00:57:51]} bxc3 {[%emt
00:00:58] [%clk 00:25:53]} Nc6 {[%emt 00:06:29] [%clk 00:51:51]} O-O {[%emt
00:02:32] [%clk 00:23:51]} Nxd4 {[%emt 00:01:19] [%clk 00:51:02]} Qxd4+ {[%emt
00:00:06] [%clk 00:24:15]} Qe5 {[%emt 00:00:09] [%clk 00:51:22]} Rfd1 {[%emt
00:06:41] [%clk 00:18:04]} Qxd4 {[%emt 00:04:51] [%clk 00:47:01]} Rxd4 {[%emt
00:00:15] [%clk 00:18:18]} Rac8 {[%emt 00:00:10] [%clk 00:47:22]} Bxb7 {[%emt
00:11:11] [%clk 00:07:38]} Rxc3 {[%emt 00:00:25] [%clk 00:47:28]} Bg2 {[%emt
00:00:50] [%clk 00:07:17]} Rxc2 {[%emt 00:01:25] [%clk 00:46:33]} Rxd6 {[%emt
00:00:21] [%clk 00:07:27]} Rb8 {[%emt 00:00:05] [%clk 00:46:58]} Be4 {[%emt
00:02:01] [%clk 00:05:55]} Rc3 {[%emt 00:01:04] [%clk 00:46:24]} Rd3 {[%emt
00:02:23] [%clk 00:04:03]} Rbc8 {[%emt 00:02:43] [%clk 00:44:11]} a4 {[%emt
00:01:20] [%clk 00:03:14]} a5 {[%emt 00:05:37] [%clk 00:39:03]} Ra3 {[%emt
00:02:11] [%clk 00:01:33]} Rc1+ {[%emt 00:03:13] [%clk 00:36:20]} Kg2 {[%emt
00:00:22] [%clk 00:01:41]} R8c5 {[%emt 00:00:05] [%clk 00:36:45]} Re3 {[%emt
00:00:58] [%clk 00:01:13]} h5 {[%emt 00:01:07] [%clk 00:36:08]} gxh5 {[%emt
00:01:00]} Rxh5 {[%emt 00:00:31] [%clk 00:36:04]} Rg3 {[%emt 00:00:36] [%clk
00:00:39]} Rh4 {[%emt 00:00:36] [%clk 00:35:58]} Rge3 {[%emt 00:00:34] [%clk
00:00:36]} Rc4 {[%emt 00:01:53] [%clk 00:34:34]} Bd3 {[%emt 00:00:20] [%clk
00:00:46]} Rxa4 {[%emt 00:00:26] [%clk 00:34:39]} Bb5 {[%emt 00:00:40] [%clk
00:00:36]} Rxa3 {[%emt 00:04:09] [%clk 00:31:00]} Rxa3 {[%emt 00:00:01] [%clk
00:01:04]} Rh5 {[%emt 00:00:08] [%clk 00:31:22]} Bc6 {[%emt 00:00:50] [%clk
00:00:44]} Kf6 {[%emt 00:00:28] [%clk 00:31:24]} Rc3 {[%emt 00:00:42] [%clk
00:00:32]} Ke5 {[%emt 00:00:49] [%clk 00:31:04]} Be8 {[%emt 00:00:29] [%clk
00:00:34]} Kd4 {[%emt 00:01:01] [%clk 00:30:32]} Rc7 {[%emt 00:00:26] [%clk
00:00:38]} Bxh3+ {[%emt 00:01:20] [%clk 00:29:42]} Kg3 {[%emt 00:00:16] [%clk
00:00:52]} Be6 {[%emt 00:00:05] [%clk 00:30:06]} Bxf7 {[%emt 00:00:48] [%clk
00:00:34]} Rh7 {[%emt 00:01:07] [%clk 00:29:29]} Ra7 {[%emt 00:00:27] [%clk
00:00:38]} Rxf7 {[%emt 00:00:11] [%clk 00:29:47]} Rxa5 {[%emt 00:00:07] [%clk
00:01:02]} Rf5 {[%emt 00:00:09] [%clk 00:30:08]} Ra6 {[%emt 00:00:17] [%clk
00:01:15]} Ke5 {[%emt 00:00:05] [%clk 00:30:33]} f4+ {[%emt 00:00:17] [%clk
00:01:28]} Kf6 {[%emt 00:00:05] [%clk 00:30:57]} Rb6 {[%emt 00:00:47] [%clk
00:01:12]} Rd5 {[%emt 00:00:05] [%clk 00:31:21]} Kf3 {[%emt 00:00:10] [%clk
00:01:32]} Kf5 {[%emt 00:00:14] [%clk 00:31:37]} Rb3 {[%emt 00:00:13] [%clk
00:01:49]} Ra5 {[%emt 00:00:09] [%clk 00:31:58]}

[Site "Europe Echecs"]

[Event "Cannes - Festival International des Jeux"]
[Date "2026.02.24"]
[White "Guez, Fabien"]
[Black "Ratier-Fontana, Matteo"]
[WhiteElo "1940"]
[BlackElo "2189"]
[Round "2.2.5"]
[Result "0-1"]

e4 {[%emt 00:27:22] [%clk 01:30:30]} a6 {[%emt 00:09:23] [%clk 01:22:15]} d4
{[%emt 00:01:14] [%clk 01:30:15]} g6 {[%emt 00:01:17] [%clk 01:21:28]} Bc4
{[%emt 00:06:22] [%clk 01:24:22]} e6 {[%emt 00:06:30] [%clk 01:15:29]} Bb3
{[%emt 00:01:16] [%clk 01:23:36]} Bg7 {[%emt 00:03:47] [%clk 01:12:09]} c3
{[%emt 00:05:19] [%clk 01:18:50]} d6 {[%emt 00:01:04] [%clk 01:11:35]} f4 {[%emt
00:02:43] [%clk 01:16:36]} d5 {[%emt 00:06:32] [%clk 01:05:34]} e5 {[%emt
00:06:13] [%clk 01:10:52]} h5 {[%emt 00:00:18] [%clk 01:05:46]} Qf3 {[%emt
00:11:43] [%clk 00:59:39]} Bf8 {[%emt 00:02:49] [%clk 01:03:27]} Be3 {[%emt
00:02:21] [%clk 00:57:47]} Nd7 {[%emt 00:12:22] [%clk 00:51:36]} Ne2 {[%emt
00:06:17] [%clk 00:52:00]} Nh6 {[%emt 00:02:59] [%clk 00:49:08]} Nd2 {[%emt
00:15:52] [%clk 00:36:38]} b5 {[%emt 00:04:34] [%clk 00:45:04]} a3 {[%emt
00:08:55] [%clk 00:28:13]} Rb8 {[%emt 00:01:11] [%clk 00:44:23]} Bf2 {[%emt
00:04:38] [%clk 00:24:05]} c5 {[%emt 00:02:10] [%clk 00:42:44]} h3 {[%emt
00:00:44] [%clk 00:23:50]} h4 {[%emt 00:00:53] [%clk 00:42:22]} g4 {[%emt
00:02:29] [%clk 00:21:50]} hxg3 {[%emt 00:00:14] [%clk 00:42:38]} Nxg3 {[%emt
00:00:41] [%clk 00:21:39]} Nf5 {[%emt 00:01:04] [%clk 00:42:04]} Nxf5 {[%emt
00:00:52] [%clk 00:21:16]} gxf5 {[%emt 00:00:04] [%clk 00:42:30]} h4 {[%emt
00:01:50] [%clk 00:19:56]} a5 {[%emt 00:02:28] [%clk 00:40:33]} h5 {[%emt
00:01:00] [%clk 00:19:26]} Bh6 {[%emt 00:04:10] [%clk 00:36:52]} Bh4 {[%emt
00:07:17] [%clk 00:12:38]} Qb6 {[%emt 00:00:21] [%clk 00:37:01]} Qe3 {[%emt
00:00:42] [%clk 00:12:27]} Ba6 {[%emt 00:00:55] [%clk 00:36:36]} Nf3 {[%emt
00:02:14] [%clk 00:10:43]} b4 {[%emt 00:01:15] [%clk 00:35:53]} cxb4 {[%emt
00:01:39] [%clk 00:09:33]} axb4 {[%emt 00:04:27] [%clk 00:31:55]} Ba4 {[%emt
00:01:09] [%clk 00:08:54]} bxa3 {[%emt 00:01:52] [%clk 00:30:34]} Qxa3 {[%emt
00:01:40] [%clk 00:07:44]} Bb5 {[%emt 00:08:58] [%clk 00:22:06]} Bxb5 {[%emt
00:06:14] [%clk 00:02:00]} Qxb5 {[%emt 00:00:03] [%clk 00:22:33]} dxc5 {[%emt
00:00:44] [%clk 00:01:45]} Qxc5 {[%emt 00:05:17] [%clk 00:17:46]} Qxc5 {[%emt
00:00:22] [%clk 00:01:53]} Nxc5 {[%emt 00:00:04] [%clk 00:18:12]} Bg5 {[%emt
00:01:27] [%clk 00:00:56]} Nd3+ {[%emt 00:01:04] [%clk 00:17:38]} Kd2 {[%emt
00:00:27] [%clk 00:00:59]} Nf2 {[%emt 00:05:40] [%clk 00:12:29]} Rhb1 {[%emt
00:00:45] [%clk 00:00:43]} Ne4+ {[%emt 00:00:54] [%clk 00:12:06]} Ke3 {[%emt
00:00:26] [%clk 00:00:46]} Bxg5 {[%emt 00:00:17] [%clk 00:12:19]} Nxg5 {[%emt
00:00:37] [%clk 00:00:39]} Nxg5 {[%emt 00:00:33] [%clk 00:12:16]} fxg5 {[%emt
00:00:06] [%clk 00:01:03]} Rxh5 {[%emt 00:00:03] [%clk 00:12:43]} b4 {[%emt
00:00:36] [%clk 00:00:58]} Rxg5 {[%emt 00:00:05] [%clk 00:13:08]} b5 {[%emt
00:00:19] [%clk 00:01:08]} Rg3+ {[%emt 00:01:09] [%clk 00:12:29]} Kd4 {[%emt
00:00:49] [%clk 00:00:49]} Rc8 {[%emt 00:00:35] [%clk 00:12:25]}

[Site "Europe Echecs"]

[Event "Cannes - Festival International des Jeux"]
[Date "2026.02.24"]
[White "Zienkiewicz, Jan"]
[Black "Bogdanov, Egor"]
[WhiteElo "2281"]
[BlackElo "2502"]
[Round "2.2.6"]
[Result "0-1"]

e4 {[%emt 00:32:59]} c5 {[%emt 00:01:30]} Nf3 {[%emt 00:00:23]} d6 {[%emt
00:01:06]} d4 {[%emt 00:00:13]} cxd4 {[%emt 00:00:06]} Nxd4 {[%emt 00:00:05]}
Nf6 {[%emt 00:00:04]} Nc3 {[%emt 00:00:06]} a6 {[%emt 00:00:03]} Rg1 {[%emt
00:03:10]} b5 {[%emt 00:02:32]} a4 {[%emt 00:01:13]} b4 {[%emt 00:21:52]} Nd5
{[%emt 00:01:24]} Bb7 {[%emt 00:03:35]} Nxf6+ {[%emt 00:08:22]} gxf6 {[%emt
00:00:43]} Bd3 {[%emt 00:22:10]} Nd7 {[%emt 00:16:22]} a5 {[%emt 00:04:32]} Nc5
{[%emt 00:02:32]} Qe2 {[%emt 00:03:07]} d5 {[%emt 00:09:25]} exd5 {[%emt
00:06:10]} Qxd5 {[%emt 00:00:30]} Be3 {[%emt 00:01:25]} Nxd3+ {[%emt 00:01:19]}
Qxd3 {[%emt 00:07:29]} e5 {[%emt 00:06:23]} Nf5 {[%emt 00:06:02]} Rd8 {[%emt
00:01:49]} Qxd5 {[%emt 00:02:30]} Rxd5 {[%emt 00:04:04]} Bb6 {[%emt 00:03:57]}
Rg8 {[%emt 00:02:23]} Ne3 {[%emt 00:04:21]} Rd7 {[%emt 00:00:34]} Ke2 {[%emt
00:03:03]} Bc6 {[%emt 00:03:11]} Rad1 {[%emt 00:03:36]} Bb5+ {[%emt 00:02:11]}
Ke1 {[%emt 00:02:06]} Rxd1+ {[%emt 00:04:53]} Kxd1 {[%emt 00:00:06]} Kd7 {[%emt
00:00:18]} c4 {[%emt 00:08:38]} bxc3 {[%emt 00:01:00]} bxc3 {[%emt 00:00:01]}
Ke6 c4 {[%emt 00:01:49]} Bc6 {[%emt 00:00:44]} Ke2 {[%emt 00:00:40]} f5 {[%emt
00:01:20]} f3 {[%emt 00:00:07]} Be7 {[%emt 00:03:17]} g4 {[%emt 00:00:33]} fxg4
{[%emt 00:00:25]} Rxg4 {[%emt 00:00:43]} Rg6 {[%emt 00:01:19]} Rxg6+ {[%emt
00:00:34]} hxg6 Bc7 {[%emt 00:00:26]} f5 {[%emt 00:01:04]} h3 {[%emt 00:00:34]}
Bd6 {[%emt 00:02:51]} Bb6 {[%emt 00:00:22]} e4 {[%emt 00:01:09]} fxe4 {[%emt
00:00:04]} Bxe4 Kf2 {[%emt 00:00:30]} Be5 {[%emt 00:01:30]} Ke2 {[%emt
00:00:25]} Bg3 {[%emt 00:03:57]} Nf1 {[%emt 00:00:27]} Bf4 {[%emt 00:02:15]} Ne3
{[%emt 00:01:02]} Be5 {[%emt 00:01:14]} Nd1 {[%emt 00:00:44]} Bg2 {[%emt
00:00:49]} Nf2 {[%emt 00:01:10]} Bd6 {[%emt 00:04:41]} Nd3 {[%emt 00:05:43]}
Bxh3 {[%emt 00:06:04]} c5 {[%emt 00:01:49]} Bh2 {[%emt 00:01:32]} c6 {[%emt
00:02:58]} Bd6 {[%emt 00:02:13]} c7 {[%emt 00:05:11]} Kd7 {[%emt 00:01:20]} Nc5+
{[%emt 00:00:23]} Kc8 {[%emt 00:01:01]} Nxa6 {[%emt 00:00:15]} Bg2 {[%emt
00:00:40]} Nc5 {[%emt 00:01:25]} Bd5 {[%emt 00:00:39]} Nd3 {[%emt 00:05:05]} Bc4
{[%emt 00:01:36]} Ke3 {[%emt 00:01:19]} Bxd3 {[%emt 00:01:00]} Kxd3 Bxc7 {[%emt
00:00:21]} Be3 {[%emt 00:05:27]} Bxa5 {[%emt 00:00:03]} Kc4 {[%emt 00:00:10]}
Kd7 {[%emt 00:00:19]} Kd5 {[%emt 00:00:10]} Ke7 {[%emt 00:01:48]} Bg5+ {[%emt
00:00:50]} Kf7 {[%emt 00:00:06]} Kd4 {[%emt 00:01:10]} Ke6 {[%emt 00:00:12]} Ke3
{[%emt 00:00:22]} Bb4 {[%emt 00:00:05]} Kf3 {[%emt 00:00:27]} Be7 {[%emt
00:00:05]} Bd2 {[%emt 00:01:11]} g5 {[%emt 00:00:18]} Kg3 {[%emt 00:00:31]} Bd6+
{[%emt 00:00:51]} Kh3 {[%emt 00:01:19]} g4+ {[%emt 00:00:21]} Kg2 {[%emt
00:00:54]} f4 {[%emt 00:00:20]} Be1 {[%emt 00:00:15]} Kf5 {[%emt 00:00:02]} Bf2
{[%emt 00:00:53]} Ke4 {[%emt 00:00:06]} Bb6 {[%emt 00:00:43]} f3+ {[%emt
00:00:07]} Kf2 {[%emt 00:00:16]} g3+ {[%emt 00:00:05]} Kg1 {[%emt 00:00:41]} Be5
{[%emt 00:00:06]}

[Site "Europe Echecs"]

[Event "Cannes - Festival International des Jeux"]
[Date "2026.02.24"]
[White "Flear, Glenn C"]
[Black "Laurent-Paoli, Pierre"]
[WhiteElo "2376"]
[BlackElo "2539"]
[Round "3.3.1"]
[Result "1/2-1/2"]

d4 {[%clk 01:30:58]} Nf6 {[%emt 00:06:44] [%clk 01:24:17]} c4 {[%emt 00:00:07]
[%clk 01:31:20]} e6 {[%emt 00:00:13] [%clk 01:24:35]} Nf3 {[%emt 00:01:12] [%clk
01:30:38]} d5 {[%emt 00:02:41] [%clk 01:22:24]} Nc3 {[%emt 00:01:16] [%clk
01:29:52]} Bb4 {[%emt 00:00:12] [%clk 01:22:44]} e3 {[%emt 00:02:55] [%clk
01:27:25]} O-O {[%emt 00:00:31] [%clk 01:22:43]} Bd3 {[%emt 00:00:11] [%clk
01:27:45]} Nbd7 {[%emt 00:06:30] [%clk 01:16:42]} a3 {[%emt 00:05:52] [%clk
01:22:23]} Be7 {[%emt 00:08:01] [%clk 01:09:11]} O-O {[%emt 00:04:09] [%clk
01:18:43]} dxc4 {[%emt 00:03:14] [%clk 01:06:28]} Bxc4 {[%emt 00:00:08] [%clk
01:19:05]} c5 {[%emt 00:00:07] [%clk 01:06:52]} e4 {[%emt 00:15:03] [%clk
01:04:31]} cxd4 {[%emt 00:02:55] [%clk 01:04:28]} Qxd4 {[%clk 00:57:46]} Nb6
{[%emt 00:15:40] [%clk 00:56:32]} Be2 {[%emt 00:10:39] [%clk 00:47:37]} Qxd4
{[%emt 00:05:24] [%clk 00:51:38]} Nxd4 {[%emt 00:00:07] [%clk 00:48:00]} Bd7
{[%emt 00:00:03] [%clk 00:52:06]} Be3 {[%emt 00:07:37] [%clk 00:40:52]} Rfc8
{[%emt 00:01:38] [%clk 00:50:57]} Ndb5 {[%emt 00:02:08] [%clk 00:39:15]} Bxb5
{[%emt 00:07:26] [%clk 00:44:01]} Bxb5 {[%emt 00:00:35] [%clk 00:39:10]} Nc4
{[%emt 00:05:35] [%clk 00:38:57]} Bxc4 {[%emt 00:00:53] [%clk 00:38:47]} Rxc4
{[%emt 00:00:04] [%clk 00:39:23]} Rfd1 {[%emt 00:00:42] [%clk 00:38:33]} Kf8
{[%emt 00:12:03] [%clk 00:27:52]} f3 {[%emt 00:00:32] [%clk 00:38:30]} Bc5
{[%emt 00:02:24] [%clk 00:25:58]} Bxc5+ {[%emt 00:01:13] [%clk 00:37:47]} Rxc5
{[%emt 00:00:08] [%clk 00:26:20]} Rd2 {[%emt 00:00:24] [%clk 00:37:52]} Ke7
{[%emt 00:01:51] [%clk 00:25:00]} Rad1 {[%emt 00:02:12] [%clk 00:36:11]} g5
{[%emt 00:00:53] [%clk 00:24:36]} Kf2 {[%emt 00:05:58] [%clk 00:30:43]} Rac8
{[%emt 00:00:15] [%clk 00:24:52]} Ne2 {[%emt 00:03:35] [%clk 00:27:37]} R8c7
{[%emt 00:01:26] [%clk 00:23:57]} Rd3 {[%emt 00:07:14] [%clk 00:20:52]} Nd7
{[%emt 00:02:41] [%clk 00:21:46]} Rc3 {[%emt 00:02:11] [%clk 00:19:11]} Ne5
{[%emt 00:00:22] [%clk 00:21:55]} Rd2 {[%emt 00:05:00] [%clk 00:14:39]} h5
{[%emt 00:01:29] [%clk 00:20:56]} h3 {[%emt 00:03:03] [%clk 00:12:07]} h4 {[%emt
00:00:41] [%clk 00:20:45]} Rxc5 {[%emt 00:01:48] [%clk 00:10:49]} Rxc5 {[%emt
00:01:46] [%clk 00:19:29]} b3 {[%emt 00:01:47] [%clk 00:09:32]} Rc6 {[%emt
00:00:52] [%clk 00:19:07]} a4 {[%emt 00:00:43] [%clk 00:09:19]} Rd6 {[%emt
00:05:22] [%clk 00:14:15]} Ke3 {[%emt 00:01:34] [%clk 00:08:14]} Rxd2 {[%emt
00:03:31] [%clk 00:11:15]} Kxd2 {[%emt 00:00:07] [%clk 00:08:37]} Ng6 {[%emt
00:02:54] [%clk 00:08:50]} Ke3 {[%emt 00:02:49] [%clk 00:06:19]} e5 {[%emt
00:03:58] [%clk 00:05:22]} Kd3 {[%emt 00:00:14] [%clk 00:06:34]} Kd6 {[%emt
00:00:23] [%clk 00:05:29]} Kc4 {[%emt 00:00:58] [%clk 00:06:07]} Kc6 {[%emt
00:00:54] [%clk 00:05:05]} b4 {[%emt 00:00:23] [%clk 00:06:13]} a6 {[%emt
00:00:34] [%clk 00:05:02]} a5 {[%emt 00:00:58] [%clk 00:05:45]} b6 {[%emt
00:02:49] [%clk 00:02:43]} axb6 {[%emt 00:00:28] [%clk 00:05:47]} Kxb6 {[%emt
00:00:02] [%clk 00:03:11]} Nc3 {[%emt 00:03:43] [%clk 00:02:33]} Nf4 {[%emt
00:02:21] [%clk 00:01:20]} Nd5+ {[%emt 00:01:25] [%clk 00:01:39]} Kc6 {[%emt
00:04:56] [%clk 00:27:23]} Nxf4 {[%emt 00:01:07] [%clk 00:32:03]} gxf4 {[%emt
00:02:55] [%clk 00:24:59]} Kc3 {[%emt 00:01:00] [%clk 00:31:33]} Kc7 {[%emt
00:02:17] [%clk 00:23:12]} Kc4 {[%emt 00:00:48] [%clk 00:31:15]} Kd6 {[%emt
00:00:21] [%clk 00:23:21]} Kc3 {[%emt 00:00:35] [%clk 00:31:09]} Kc7 {[%emt
00:00:47]}

[Site "Europe Echecs"]

[Event "Cannes - Festival International des Jeux"]
[Date "2026.02.24"]
[White "Nogerbek, Kazybek"]
[Black "Chan, Kim Yew"]
[WhiteElo "2539"]
[BlackElo "2400"]
[Round "3.3.2"]
[Result "1/2-1/2"]

d4 {[%emt 00:01:43] [%clk 01:30:59]} Nf6 {[%emt 00:00:23] [%clk 01:30:37]} c4
{[%emt 00:00:07] [%clk 01:31:21]} e6 {[%emt 00:00:05] [%clk 01:31:03]} Nf3
{[%emt 00:00:06] [%clk 01:31:45]} d5 {[%emt 00:00:07] [%clk 01:31:27]} Nc3
{[%emt 00:00:05] [%clk 01:32:09]} c5 {[%emt 00:00:04] [%clk 01:31:53]} cxd5
{[%emt 00:00:19] [%clk 01:32:20]} Nxd5 {[%emt 00:00:03] [%clk 01:32:20]} e4
{[%emt 00:00:20] [%clk 01:32:30]} Nxc3 {[%emt 00:00:03] [%clk 01:32:48]} bxc3
{[%emt 00:00:08] [%clk 01:32:52]} cxd4 {[%emt 00:00:02] [%clk 01:33:16]} cxd4
{[%emt 00:00:11] [%clk 01:33:11]} Bb4+ {[%emt 00:00:02] [%clk 01:33:45]} Bd2
{[%emt 00:00:11] [%clk 01:33:30]} Bxd2+ {[%emt 00:00:02] [%clk 01:34:13]} Qxd2
{[%emt 00:00:11] [%clk 01:33:49]} O-O {[%emt 00:00:03] [%clk 01:34:40]} Rd1
{[%emt 00:00:08] [%clk 01:34:10]} b6 {[%emt 00:00:04] [%clk 01:35:07]} Bd3
{[%emt 00:00:40] [%clk 01:34:00]} Ba6 {[%emt 00:00:05] [%clk 01:35:34]} Bxa6
{[%emt 00:08:06] [%clk 01:26:21]} Nxa6 {[%emt 00:01:31] [%clk 01:34:33]} O-O
{[%emt 00:00:08] [%clk 01:26:43]} Rc8 {[%emt 00:03:28] [%clk 01:31:35]} Rfe1
{[%emt 00:01:17] [%clk 01:25:55]} Re8 {[%emt 00:05:38] [%clk 01:26:28]} Re3
{[%emt 00:05:49] [%clk 01:20:36]} Qd6 {[%emt 00:05:15] [%clk 01:21:43]} e5
{[%emt 00:09:40] [%clk 01:11:26]} Qe7 {[%emt 00:04:43] [%clk 01:17:30]} d5
{[%emt 00:02:11] [%clk 01:09:45]} exd5 {[%emt 00:00:28] [%clk 01:17:32]} Nd4
{[%emt 00:00:10] [%clk 01:10:05]} Qb4 {[%emt 00:20:14] [%clk 00:57:48]} Qe2
{[%emt 00:09:35] [%clk 01:00:57]} Qc4 {[%emt 00:00:34] [%clk 00:57:47]} Qf3
{[%emt 00:19:11] [%clk 00:42:15]}

[Site "Europe Echecs"]

[Event "Cannes - Festival International des Jeux"]
[Date "2026.02.24"]
[White "Collas, Anthony"]
[Black "Marchal, Nina"]
[WhiteElo "1650"]
[BlackElo "1572"]
[Round "3.3.4"]
[Result "1-0"]

e4 {[%emt 00:00:02] [%clk 01:30:57]} c6 {[%emt 00:02:04] [%clk 01:28:27]} Nf3
{[%emt 00:00:28] [%clk 01:30:57]} d5 {[%emt 00:00:07] [%clk 01:28:21]} Nc3
{[%emt 00:00:06] [%clk 01:31:22]} Bg4 {[%emt 00:00:05] [%clk 01:28:45]} h3
{[%emt 00:00:20] [%clk 01:31:35]} Bxf3 {[%emt 00:00:04] [%clk 01:28:38]} Qxf3
{[%emt 00:00:07] [%clk 01:31:35]} e6 {[%emt 00:02:32] [%clk 01:26:29]} Be2
{[%emt 00:00:07] [%clk 01:31:57]} Nf6 {[%emt 00:00:16] [%clk 01:26:46]} O-O
{[%emt 00:03:16] [%clk 01:29:10]} Be7 {[%emt 00:01:58] [%clk 01:25:18]} e5
{[%emt 00:17:19] [%clk 01:12:21]} Nfd7 {[%emt 00:00:30] [%clk 01:25:18]} Qg3
{[%emt 00:00:53] [%clk 01:11:57]} O-O {[%emt 00:01:24] [%clk 01:24:24]} d4
{[%emt 00:01:55] [%clk 01:10:32]} Kh8 {[%emt 00:09:07] [%clk 01:15:47]} f4
{[%emt 00:13:19] [%clk 00:57:44]} Qb6 {[%emt 00:22:57] [%clk 00:53:20]} a3
{[%emt 00:00:54] [%clk 00:57:20]} c5 {[%emt 00:01:19] [%clk 00:52:32]} dxc5
{[%emt 00:00:52] [%clk 00:56:58]} Bxc5+ {[%emt 00:03:57] [%clk 00:48:34]} Kh1
{[%emt 00:00:06] [%clk 00:56:58]} Qc7 {[%emt 00:05:52] [%clk 00:43:06]} b4
{[%emt 00:09:32] [%clk 00:47:57]} Be7 {[%emt 00:03:27] [%clk 00:40:10]} Nb5
{[%emt 00:21:14] [%clk 00:27:13]} Qxc2 {[%emt 00:19:45] [%clk 00:20:55]} Bd3
{[%emt 00:00:23] [%clk 00:27:20]} Qc8 {[%emt 00:00:07] [%clk 00:21:15]} Nd4
{[%emt 00:04:53] [%clk 00:23:00]} Nc6 {[%emt 00:04:55] [%clk 00:16:50]} Bb2
{[%emt 00:02:25] [%clk 00:21:05]} Qd8 {[%emt 00:04:19]} Nxc6 {[%emt 00:03:34]
[%clk 00:18:02]} bxc6 {[%emt 00:00:12] [%clk 00:13:19]} f5 {[%emt 00:00:22]
[%clk 00:18:10]} Bh4 {[%emt 00:01:45] [%clk 00:12:04]} Qf3 {[%emt 00:02:27]
[%clk 00:16:13]} Qg5 {[%emt 00:05:42] [%clk 00:06:53]} Rac1 {[%emt 00:00:47]
[%clk 00:15:56]} Rac8 {[%emt 00:03:14] [%clk 00:04:09]} fxe6 {[%emt 00:00:28]
[%clk 00:15:59]} Nxe5 {[%emt 00:02:19] [%clk 00:02:19]} Bxe5 {[%emt 00:02:00]
[%clk 00:14:28]} Qxe5 {[%emt 00:00:06] [%clk 00:02:43]} exf7 {[%emt 00:04:04]
[%clk 00:10:55]} Bf6 {[%emt 00:01:31] [%clk 00:01:42]} Rce1 {[%emt 00:00:39]
[%clk 00:10:46]} Qc7 {[%emt 00:00:50] [%clk 00:01:20]} Qh5 {[%emt 00:00:30]
[%clk 00:10:47]} h6 {[%emt 00:01:19] [%clk 00:00:32]} Rxf6 {[%emt 00:00:25]
[%clk 00:10:51]} Qg3 {[%emt 00:00:20] [%clk 00:00:42]} Rxh6+ {[%emt 00:01:43]}

[Site "Europe Echecs"]

[Event "Cannes - Festival International des Jeux"]
[Date "2026.02.24"]
[White "Ratier-Fontana, Matteo"]
[Black "Pinto, Axel"]
[WhiteElo "2189"]
[BlackElo "1976"]
[Round "3.3.5"]
[Result "1/2-1/2"]

Nf3 {[%emt 00:17:44] [%clk 01:13:14]} Nf6 {[%emt 00:00:13] [%clk 01:30:47]} d4
{[%emt 00:00:58] [%clk 01:12:47]} g6 {[%emt 00:00:36] [%clk 01:30:40]} Bf4
{[%emt 00:00:07] [%clk 01:13:10]} Bg7 {[%emt 00:00:24] [%clk 01:30:42]} e3
{[%emt 00:01:36] [%clk 01:12:09]} O-O {[%emt 00:00:18] [%clk 01:30:54]} Be2
{[%emt 00:00:03] [%clk 01:12:36]} d6 {[%emt 00:00:06] [%clk 01:31:18]} h3 {[%emt
00:00:04] [%clk 01:13:02]} Nbd7 {[%emt 00:00:20] [%clk 01:31:27]} O-O {[%emt
00:00:05] [%clk 01:13:26]} b6 {[%emt 00:00:13] [%clk 01:31:45]} a4 {[%emt
00:00:04] [%clk 01:13:53]} Bb7 {[%emt 00:02:17] [%clk 01:29:58]} c3 {[%emt
00:00:15] [%clk 01:14:08]} Ne4 {[%emt 00:03:28] [%clk 01:26:59]} Bh2 {[%emt
00:01:54] [%clk 01:12:44]} c5 {[%emt 00:05:03] [%clk 01:22:26]} a5 {[%emt
00:04:04] [%clk 01:09:11]} bxa5 {[%emt 00:24:16] [%clk 00:58:40]} Nbd2 {[%emt
00:09:00] [%clk 01:00:41]} cxd4 {[%emt 00:07:53] [%clk 00:51:16]} exd4 {[%emt
00:00:52] [%clk 01:00:19]} Qc7 {[%emt 00:04:08] [%clk 00:47:38]} Nc4 {[%emt
00:07:00] [%clk 00:53:49]} Bd5 {[%emt 00:02:40] [%clk 00:45:28]} Ne3 {[%emt
00:01:30] [%clk 00:52:49]} Bc6 {[%emt 00:07:41] [%clk 00:38:16]} Qc2 {[%emt
00:01:17] [%clk 00:52:02]} Nef6 {[%emt 00:02:41] [%clk 00:36:06]} c4 {[%emt
00:09:21] [%clk 00:43:11]} Qb6 {[%emt 00:06:40] [%clk 00:29:56]} c5 {[%emt
00:00:04] [%clk 00:43:37]} dxc5 {[%emt 00:05:39] [%clk 00:24:47]} Nc4 {[%emt
00:00:06] [%clk 00:44:02]} Qb4 {[%emt 00:03:08] [%clk 00:22:09]} Rxa5 {[%emt
00:12:29] [%clk 00:32:02]} Be4 {[%emt 00:01:33] [%clk 00:21:05]} Qd2 {[%emt
00:04:25] [%clk 00:28:08]} Qxd2 {[%emt 00:03:42] [%clk 00:17:52]} Ncxd2 {[%emt
00:01:43] [%clk 00:26:55]} cxd4 {[%emt 00:00:09] [%clk 00:18:13]} Nxd4 {[%emt
00:05:54] [%clk 00:25:14]}

[Site "Europe Echecs"]